Cyclistes célèbres en images - Statistiques

Statistiques générales
  • Ce quiz a été pris 285 fois
    277 depuis la dernière actualisation
  • Le résultat moyen est 14 sur 20
Statistiques - réponses
Par images Réponse % Correct
Tadej Pogačar
97%
Christopher Froome
89%
Thibaut Pinot
89%
Jonas Vingegaard
87%
Peter Sagan
87%
Lance Armstrong
85%
Alberto Contador
82%
Bernard Hinault
82%
Eddy Merckx
81%
Mark Cavendish
81%
Raymond Poulidor
76%
Laurent Jalabert
73%
Marco Pantani
70%
Andy Schleck
60%
Laurent Fignon
57%
Miguel Indurain
50%
Jacques Anquetil
44%
Marcel Kittel
43%
Jan Ullrich
41%
Fausto Coppi
36%
Aucun quiz correspondant
Distribution des résultats
% des personnes avec chaque résultat
Percentile par nombre de réponses
Votre historique - résultats
Vous n’avez pas pris ce quiz depuis la dernière actualisation